LEADER 01913nam a2200325 i 4500 001 000000158475 003 CaOOAMICUS 005 20070208000000.0 008 070208s1986 it u000 u ita u 013 $a135838 020 $a88-18-22004-7 040 $aSeMil$bita 100 0 $aGrosseteste, Robert,$c.$0(OLS)http://semarc/name/3619 245 10$aMetafisica della luce :$ble arti liberali, la luce le linee, gli angli e le figure, l'arcobaleno, lettera a Adamo di Exeter su Dio forma di tutte le cose e sugli Angeli la potenza e l'atto, le cause, la verità della proposizione, la conoscenza divina, il libero arbitrio /$cRoberto Grossatesta ; Introduzione, traduzione e note di Pietro Rossi. 260 $aMilano :$bRusconi,$c1986. 300 $a357 p. ;$c22 cm. 490 0 $aI classici del pensiero. Sez. 2, Medioevo e Rinascimento 500 $aContiene : Bibliografia. - Fondo Card. Giovanni Colombo. 650 4$aFilosofia - Testi - Sec. 13.$0(OLS)http://semarc/subject/6152 700 1 $aRossi, Pietro B. <1948- >.$0(OLS)http://semarc/name/41466 830 2$aI classici del pensiero. Sez. 2, Medioevo e Rinascimento.$0(OLS)http://semarc/title/19380 850 $aSeMil 852 $aSeMil$W1$xVenegono$y1$m1O IV 128$j110126$B110126$CSeMilBibl$Z2$F119757 $81 900 0 $aRoberto : Grossatesta. 941 1 $a3 961 $aLascito: Colombo Card. Giovanni 996 $6020$a88-18-22004-7$9(OLS)http://semarc/number/73923 996 $6245$aMetafisica della luce :$ble arti liberali, la luce le linee, gli angli e le figure, l'arcobaleno, lettera a Adamo di Exeter su Dio forma di tutte le cose e sugli Angeli la potenza e l'atto, le cause, la verità della proposizione, la conoscenza divina, il libero arbitrio$9(OLS)http://semarc/title/139978 996 $6260$aMilano :$bRusconi$9(OLS)http://semarc/publisher/30258 LEADER 01254nam a2200253 i 4500 001 000000234956 003 CaOOAMICUS 005 20141027000000.0 008 141027s2003 it u000 u ita u 013 $a213859 020 $a88-01-00514-8 040 $aSeMil$bita 245 10$aOrientamenti per il risveglio della fede e il completamento dell'iniziazione cristiana in età adulta. 300 $a63 p. ;$c19 cm. 490 0 $aDocumenti CEI : documenti della Conferenza Episcopale Italiana ;$vN.114 650 4$aEpiscopato italiano - Documenti.$0(OLS)http://semarc/subject/28993 710 0 $aConferenza Episcopale Italiana : Consiglio Episcopale Permanente.$0(OLS)http://semarc/name/7201 773 0 $tIniziazione cristiana.$dLeumann (TO) : Elledici, [2003?]$g3$w()30814 830 0$aDocumenti CEI : documenti della Conferenza Episcopale Italiana ;$vN.114.$0(OLS)http://semarc/title/32362 850 $aSeMil 852 $aSeMil$W1$xVenegono$y1$m5B XII 7/36$j185302$B185302$CSeMilBibl$Z2$F196176 $81 961 $aOmaggio: Altro 996 $6020$a88-01-00514-8$9(OLS)http://semarc/number/239380 996 $6245$aOrientamenti per il risveglio della fede e il completamento dell'iniziazione cristiana in età adulta$9(OLS)http://semarc/title/335133